000 00340nam a2200133Ia 4500
008 240624s9999 xx 000 0 und d
041 _aeng
082 _a338.791 SUR
100 _aSURESH K
245 _aTRAVEL AND TOURISM AN INTRODUCTION
260 _c2004
_aHyderabad
_bICFAI press
300 _aix, , 186 , 23 : p. : cm.
365 _cRS
_b50
999 _c6720
_d6720